MARC

LEADER 00000nab a2200000 ar4500
001 vtls011574841
003 SK-MaSNL
005 20260303082806.0
008 160823c 2014xo mr|p|||||||000 b|slo
038 |a SNSK 
040 |b slo  |c SNSK  |e AACR2 
041 |a slo 
044 |a xo  |c SK 
080 |a 664.692  |x (437.672.121.142)  |2 2011 
080 |a 331.5  |x (437.672.121.142)  |2 2011 
245 0 0 |a Moderná linka na cestoviny zamestná stovku ľudí  |c [autor] (rep) 
300 |b Fotogr. 
610 2 7 |a Mlynsko-pekárenský a cestovinársky kombinát (Spišská Nová Ves, Slovensko)  |2 snsk  |9 1021275 
650 0 7 |a Cessi (obchodná značka)  |2 snsk  |9 1029218 
650 0 7 |a výroba cestovín  |2 snsk  |9 1028198 
650 0 7 |a pracovné príležitosti  |2 snsk  |9 267967 
651 7 |a Spišská Nová Ves (Slovensko)  |2 snsk  |9 28800 
773 0 |t Ičko. Informátor : kultúrno-spoločenský mesačník mesta Spišská Nová Ves  |g Č 12 /2014, s. 4  |x 1339-049X 
852 |a SNSK  |b KIS3GCP 
856 4 1 |u http://www.spisskanovaves.eu/nocache/system/aktuality/detail/article/moderna-linka-na-cestoviny-zamestna-stovku-ludi/1596/index.html?cHash=d46124dce6c260b27de853e1e1523d7e 
999 |c 1789220  |d 1791150